000 00378nam a2200145Ia 4500
008 231129s2004||||xx |||||||||||||| ||spa||
020 _a958-04-5628-3
040 _bspa
082 _a(i) 808.068543 G285e
100 _aGay Marie-Louise
245 0 _aEstela la estrella del mar
260 _c2004
264 _aNorma
942 _2ddc
_cBKS
999 _c13549
_d13549